000 00279 a2200121 4500
001 147591
040 _cEscola São Tomás de Aquino
100 _aPORTO, Cristina
240 1 0 _aJoana banana
_lpor
245 1 0 _aJoana banana
697 _a*LITERATURA INFANTO JUVENIL
942 _cBK
999 _c147591
_d147591